The gods within: (Record no. 16240)

000 -LEADER
fixed length control field 00453nam a22001691a 4500
020 ## - INTERNATIONAL STANDARD BOOK NUMBER
ISBN 9788121510639
082 ## - DEWEY DECIMAL CLASSIFICATION NUMBER
Classification number 294.592 1
Item number SUB/G
100 ## - MAIN ENTRY--AUTHOR NAME
Personal name Subhash Kak
245 ## - TITLE STATEMENT
Title The gods within:
Sub Title mind, consciousness and the vedic tradition/
Statement of responsibility, etc by Subhash Kak
260 ## - PUBLICATION, DISTRIBUTION, ETC. (IMPRINT)
Place of publication New Delhi:
Name of publisher Munshiram Manoharlal,
Year of publication 2002.
300 ## - PHYSICAL DESCRIPTION
Number of Pages 206p.
650 ## - SUBJECT ADDED ENTRY--TOPICAL TERM
Topical Term Consciousness
650 ## - SUBJECT ADDED ENTRY--TOPICAL TERM
Topical Term Vedic Literature
650 ## - SUBJECT ADDED ENTRY--TOPICAL TERM
Topical Term Hinduism
650 ## - SUBJECT ADDED ENTRY--TOPICAL TERM
Topical Term Religion
942 ## - ADDED ENTRY ELEMENTS (KOHA)
Koha item type Book
Holdings
Withdrawn status Lost status Damaged status Not for loan Permanent Location Current Location Date acquired Cost, normal purchase price Full call number Accession Number Cost, replacement price Price effective from Koha item type
        Sree Sankaracharya University of Sanskrit Sree Sankaracharya University of Sanskrit 08.01.2015 275.00 294.592 1 SUB/G 042233 0.00 08.01.2015 Book